| 000 | 01120nabaa22001937a 4500 | ||
|---|---|---|---|
| 999 |
_c6136 _d6136 |
||
| 003 | OSt | ||
| 005 | 20260122224653.0 | ||
| 008 | 190701b xxu||||| |||| 00| 0 spa d | ||
| 040 | _cPJ | ||
| 100 |
_94200 _aFalbo, Aníbal J. |
||
| 245 | 1 | 0 |
_aPara el daño ambiental judicial, ¿importan los valores límite administrativos? / _cAníbal J. Falbo. |
| 300 | _ap. 46-55 | ||
| 505 | _aSumario: I. ¿Cuál es la importancia de los valores límite administrativos para el daño ambiental judicial?— II. El daño ambiental es un daño civil, no administrativo.— III. Análisis específico de los valores límite administrativos.— IV. Las características especiales del daño ambiental.— V. Referencias a la autorización administrativa.— VI. Decisiones relevantes.— VII. Cierre. | ||
| 505 | _t¿Te interesa el texto completo? Comunicate al correo: koha@justierradelfuego.gov.ar | ||
| 650 | 0 |
_9211 _aDERECHO ADMINISTRATIVO |
|
| 650 | 0 |
_93251 _aDAÑO AMBIENTAL |
|
| 773 | 0 |
_02842 _93251 _dBuenos Aires : AbeledoPerrot, 2012- _oDA121 _tDerecho administrativo. Nº 149 septiembre/octubre 2023 _z18510590 |
|
| 942 |
_2udc _cANA |
||